000 00162 a2200073 4500
020 _a9780627026683
082 _a9400887464
245 _aGrowing human rights and values
999 _c786554
_d786553
942 _w13411
_xBongani Makatu
_y13411
_zBongani Makatu